|
|
|
|
| LEADER |
00000nab a2200000 a 4500 |
| 001 |
vtls000827707 |
| 003 |
SK-MaSNL |
| 005 |
20260426081636.0 |
| 008 |
250429c2002 xo 0 slo |
| 015 |
|
|
|a SNBRB2003/03-07758
|
| 035 |
|
|
|a CLN000179362
|
| 035 |
|
|
|a urn:nbn:sk:snk-ab6s7c
|
| 035 |
|
|
|a (uuid)87954538-fe3d-438c-8ce9-d0d1d5c120f9
|
| 035 |
|
|
|a (urnnbn)urn:nbn:sk:snk:ar-a05hs5
|
| 035 |
|
|
|a (sysno)vtls000827707
|
| 040 |
|
|
|a SNKBUCL
|b slo
|c SNKBUCL
|e AACR2
|
| 041 |
0 |
|
|a slo
|
| 044 |
|
|
|a xo
|c SK
|
| 080 |
|
|
|a 339.727.22(437.6):339.923(4)
|2 1997
|
| 080 |
|
|
|a 339.923(4:437.6)
|2 1997
|
| 100 |
1 |
|
|a Šaková, Beáta,
|d 1971-
|4 aut
|9 107113
|
| 245 |
1 |
0 |
|a Vplyv vstupu Slovenskej republiky do Európskej únie v oblasti priamych zahraničných investícií
|c Beáta Šaková, Heda Hansenová
|
| 300 |
|
|
|b Grafy, tab.
|
| 504 |
|
|
|a Res. angl.
|
| 504 |
|
|
|a Bibliogr. odkazy
|
| 610 |
2 |
7 |
|a Európska únia
|2 SNKKA
|9 29861
|
| 650 |
0 |
7 |
|a priame zahraničné investície
|2 SNKPH
|9 70830
|
| 651 |
|
7 |
|a Slovensko
|2 SNKPHgeo
|9 14231
|
| 655 |
|
7 |
|a články z novín a časopisov
|2 SNK
|9 267496
|
| 700 |
1 |
|
|a Hansenová, Heda,
|d 1949-
|4 aut
|9 211056
|
| 773 |
0 |
|
|t Ekonomický časopis
|g Roč. 50, č. 6 (2002), s. 926-938
|x 0013-3035
|
| 850 |
|
|
|a Slovenská národná knižnica
|
| 852 |
|
|
|a Slovenská národná knižnica
|
| 954 |
|
|
|a odborná, vedecká literatúra pôvodná (slovenská)
|2 lita
|
| 958 |
|
|
|a article27
|
| 958 |
|
|
|a NB
|
| 958 |
|
|
|a SK
|
| 958 |
|
|
|a OND
|
| 958 |
|
|
|a EUIPO
|
| 992 |
|
|
|a RBX
|
| 999 |
|
|
|c 2847749
|d 2849679
|